000 00881nam a22002777a 4500
003 CHAP
005 20220329143604.0
008 100729s1983 us r 00010 spa d
010 _a98938
011 _a99910
020 _a0816509883
035 _a110596
040 _cCHAP
082 0 4 _a508.9722
_bZ98
100 1 _aZwinger, Ann
_9124322
245 1 2 _aA desert country near the sea :
_ba natural history of the Cape region of Baja California
_c/by Ann Zwinger
260 _aNew York :
_bHarper & Row,
_c1983
300 _axxvii, 399 p. :
_bilus.
590 _aBATCH-UPD
_b10
_c20130110
_lUCH01
_h0851
590 _aCONVERSION
_b10
_c20130109
_lUCH01
_h1355
650 1 4 _aCiencias naturales
_zBaja California.
_923198
650 1 4 _aDesiertos
_zBaja California.
_932152
901 _aBK
942 _cLIBRO
949 _a508 Z98
_bBC
_cLIBRO
_d33724002177710
_eLIBRO
_h113004
_i110596
_sb
999 _c98938
_d98938